[Event "Druzynowe Mistrzostwa Polski - II liga"]
[Site "Dom Wczasowy VIS Jastrzebia Gora"]
[Date "1899-12-30"]
[Round "7.112"]
[White "Kalkowski, Igor"]
[Black "Gorniewicz, Oskar"]
[Result "1-0"]
[WhiteTitle "I++"]
[BlackTitle "I"]
[WhiteElo "1893"]
[BlackElo "1911"]

1. e4 c6 2. c4 d5 3. exd5 cxd5 4. d4 Nf6 5. Nc3 Nc6 6. Nf3 Bg4 7. cxd5 Nxd5 8.
Qb3 Bxf3 9. gxf3 Nb6 10. d5 Nd4 11. Qd1 e5 12. dxe6 Nxe6 13. Bb5+ Nd7 14. Be3
a6 15. Bb6 Qe7 16. Nd5 Qd6 17. Ba4 Rc8 18. O-O Rc6 19. Re1 Nxb6 20. Nxb6 Qxd1
21. Raxd1 Bc5 22. Bxc6+ bxc6 23. Nd7 Be7 24. Nb8 O-O 25. Nxc6 Bf6 26. b3 Rc8 27.
Rc1 Kf8 28. Nd4 Rd8 29. Nxe6+ fxe6 30. Rxe6 a5 31. Ra6 Rd2 32. Rxa5 Bd4 33. Rf1
Rb2 34. Rd5 Bb6 35. Rb5 Bd4 36. a4 Kf7 37. a5 Ra2 38. b4 Kf6 39. Kg2 h6 40. f4
Ke6 41. Rd1 Bxf2 42. Kf3 Bh4 43. Rb6+ Ke7 44. a6 Ra3+ 45. Kg4 Bf6 46. Kf5 1-0

[Event "Druzynowe Mistrzostwa Polski - II liga"]
[Site "Dom Wczasowy VIS Jastrzebia Gora"]
[Date "1899-12-30"]
[Round "7.113"]
[White "Sivickis, Wiktoria"]
[Black "Juchniewicz-jasek, Joanna"]
[Result "1-0"]
[WhiteTitle "I++"]
[BlackTitle "II"]
[WhiteElo "1723"]
[BlackElo "1281"]

1. e4 c5 2. Nf3 g6 3. d4 cxd4 4. Nxd4 Nc6 5. Be3 Bg7 6. Nc3 d6 7. Qd2 Qa5 8. Nb3
Qd8 9. O-O-O Nf6 10. f3 Be6 11. Nd4 Nxd4 12. Bxd4 O-O 13. Kb1 a6 14. g4 b5 15.
h4 Rc8 16. Nd5 Bxd5 17. exd5 Qc7 18. h5 Nxd5 19. Bxg7 Kxg7 20. hxg6 Qxc2+ 21.
Qxc2 Rxc2 22. Rxd5 Rfc8 23. Bd3 Rf2 24. Rxh7+ Kf6 25. Rxf7+ 1-0

[Event "Druzynowe Mistrzostwa Polski - II liga"]
[Site "Dom Wczasowy VIS Jastrzebia Gora"]
[Date "1899-12-30"]
[Round "7.114"]
[White "Palosz, Andrzej"]
[Black "Osinski, Emil"]
[Result "0-1"]
[WhiteTitle "k"]
[BlackTitle "k"]
[WhiteElo "2023"]
[BlackElo "2164"]

1. e4 c5 2. Nf3 e6 3. d4 cxd4 4. Nxd4 Nf6 5. Nc3 Bb4 6. e5 Nd5 7. Qg4 Kf8 8. Bd2
h5 9. Qe4 d6 10. Nxd5 Bxd2+ 11. Kxd2 dxe5 12. Qxe5 Nc6 13. Nxc6 bxc6 14. Bd3 Qxd5
15. Rae1 Bb7 16. c4 Qxe5 17. Rxe5 a5 18. Rd1 Ke7 19. Kc2 f6 20. Re3 c5 21. Rde1
Ra6 22. Bf5 Bc8 23. f4 Kf7 24. Be4 Rd8 25. Bf3 g6 26. g3 Rd4 27. Re4 Rd7 28. Rd1
Rxd1 29. Kxd1 Bb7 30. Re3 Rd6+ 31. Kc2 Bxf3 32. Rxf3 Rd4 33. b3 Ke7 34. Rf1 e5
35. fxe5 fxe5 36. Kc3 h4 37. a3 Re4 38. Rf3 Re2 39. gxh4 Rxh2 40. b4 axb4+ 41.
axb4 cxb4+ 42. Kxb4 Rxh4 43. Rg3 Kf6 44. Kc5 Kf5 45. Rc3 g5 46. Kd6 Rh6+ 47. Kd5
g4 48. c5 Rh3 49. Rc1 Rd3+ 50. Kc4 Rd4+ 51. Kb5 g3 52. c6 Rd8 53. c7 Rc8 54. Kc6
e4 55. Kd7 Rg8 56. c8=Q Rxc8 57. Kxc8 e3 58. Kd7 Ke4 59. Ke6 g2 60. Kf6 e2 61.
Kg5 Ke5 0-1

[Event "Druzynowe Mistrzostwa Polski - II liga"]
[Site "Dom Wczasowy VIS Jastrzebia Gora"]
[Date "1899-12-30"]
[Round "7.115"]
[White "Bes, Michal"]
[Black "Mlynarski, Kamil"]
[Result "0-1"]
[WhiteTitle "k"]
[BlackTitle "I++"]
[WhiteElo "2091"]
[BlackElo "1876"]

1. e4 c5 2. Nc3 Nc6 3. f4 g6 4. Bb5 Nd4 5. Bd3 Bg7 6. Nf3 e6 7. O-O Ne7 8. e5 d6
9. Nxd4 cxd4 10. Bb5+ Nc6 11. Ne4 dxe5 12. fxe5 Bxe5 13. d3 f5 14. Bg5 Qc7 15.
Nf6+ Kf7 16. Ng4 h6 17. Bd2 Bd6 18. Qf3 Kg7 19. h4 fxg4 20. Qf6+ Kh7 21. Bxc6
bxc6 22. h5 Qg7 23. hxg6+ Qxg6 24. Qxd4 Re8 25. Qc4 Qh5 26. Qe4+ Kg8 27. Rf6 Bh2+
28. Kf1 Rf8 29. Rxf8+ Kxf8 30. Qxc6 Qd5 31. Bxh6+ Kf7 32. Qxd5 exd5 33. Kf2 Be5
34. c3 Kg6 35. Rh1 d4 36. cxd4 Bxd4+ 37. Be3 g3+ 38. Ke2 Bg4+ 39. Kd2 Bf6 40.
Rh6+ Kf7 41. b4 Rb8 42. a3 a5 43. Bf4 Re8 44. Be3 axb4 45. axb4 Ra8 46. b5 Ra2+
47. Kc1 Rxg2 48. b6 Bf3 49. Rh7+ 0-1

[Event "Druzynowe Mistrzostwa Polski - II liga"]
[Site "Dom Wczasowy VIS Jastrzebia Gora"]
[Date "1899-12-30"]
[Round "7.116"]
[White "Pomagalski, Marcin"]
[Black "Walentukiewicz, Michal"]
[Result "0-1"]
[WhiteTitle "I++"]
[BlackTitle "CM"]
[WhiteElo "1884"]
[BlackElo "2097"]

1. e4 c5 2. Nf3 g6 3. d4 Bg7 4. Nc3 cxd4 5. Nxd4 Nc6 6. Be3 Nf6 7. Be2 O-O 8. O-O
d6 9. Qd2 Nxd4 10. Bxd4 Be6 11. Rfd1 a6 12. f3 Rc8 13. Rac1 Qc7 14. Nd5 Bxd5 15.
exd5 Nd7 16. a4 Bxd4+ 17. Qxd4 Qc5 18. Qxc5 Rxc5 19. c4 Rfc8 20. b4 R5c7 21. a5
Kg7 22. f4 Nf6 23. Kf2 Rb8 24. Ke3 b6 25. Ra1 bxa5 26. Rxa5 Rxb4 27. Rxa6 Nd7
28. Kd4 Nc5 29. Ra3 Rcb7 30. Bf3 Kf6 31. Re1 Rb3 32. Rxb3 Rxb3 33. Re3 Rb7 34.
Ra3 Kf5 35. g3 h5 36. Re3 h4 37. Be2 hxg3 38. hxg3 Kf6 39. g4 g5 40. Rf3 gxf4
41. Rxf4+ Kg7 42. Rf3 f6 43. Bd1 Nd7 44. Bc2 Ne5 45. Rc3 Kh6 46. Bf5 Kg5 47. c5
dxc5+ 48. Rxc5 Kf4 49. Rc8 Nxg4 50. Bxg4 Kxg4 51. Kc5 Rb1 52. Re8 Re1 53. Kc4
Re5 54. Kd4 Kf5 55. Rh8 Re1 56. Rh2 Kg4 57. Rg2+ Kf3 58. Rg7 f5 59. Kc5 Re5 60.
Kd4 Re4+ 61. Kd3 f4 62. Rh7 Re3+ 63. Kd2 Re5 0-1

[Event "Druzynowe Mistrzostwa Polski - II liga"]
[Site "Dom Wczasowy VIS Jastrzebia Gora"]
[Date "1899-12-30"]
[Round "7.117"]
[White "Bienias, Piotr"]
[Black "Pazdzierz, Piotr"]
[Result "0-1"]
[WhiteTitle "I++"]
[BlackTitle "I"]
[WhiteElo "1957"]
[BlackElo "1599"]

1. c4 e5 2. Nc3 Nf6 3. g3 Bb4 4. Bg2 Bxc3 5. dxc3 O-O 6. e4 d6 7. Ne2 b6 8. h3
Bb7 9. Qc2 Nbd7 10. g4 Nc5 11. Ng3 c6 12. Nf5 d5 13. exd5 cxd5 14. g5 Nh5 15.
cxd5 Nf4 16. Bxf4 exf4 17. O-O-O Qxg5 18. Bf3 g6 19. Rhg1 Qf6 20. Nh6+ Kh8 21.
Ng4 Qd6 22. Qd2 f6 23. Qd4 h5 24. Nh6 Kh7 25. Bxh5 Kxh6 26. Rxg6+ Kxh5 27. Rdg1
Qxd5 28. Rg7 Rf7 29. Rh7+ Rxh7 30. Qxf6 Rg8 31. Rxg8 Qh1+ 32. Kc2 Be4+ 33. Kd2
Rd7+ 34. Ke2 Qd1# 0-1

[Event "Druzynowe Mistrzostwa Polski - II liga"]
[Site "Dom Wczasowy VIS Jastrzebia Gora"]
[Date "1899-12-30"]
[Round "7.118"]
[White "Skawinski, Szymon"]
[Black "Antoniewicz, Jakub"]
[Result "0-1"]
[WhiteTitle "I"]
[BlackTitle "I"]
[WhiteElo "1641"]
[BlackElo "1928"]

1. e4 c5 2. c3 d5 3. exd5 Qxd5 4. d4 Nc6 5. Nf3 Bf5 6. Na3 cxd4 7. cxd4 e5 8. Nb5
O-O-O 9. Nc3 Qa5 10. Bd2 exd4 11. Nb5 Re8+ 12. Be2 Qxb5 0-1

[Event "Druzynowe Mistrzostwa Polski - II liga"]
[Site "Dom Wczasowy VIS Jastrzebia Gora"]
[Date "1899-12-30"]
[Round "7.119"]
[White "Leczek, Weronika"]
[Black "Anyz, Monika"]
[Result "1/2-1/2"]
[WhiteTitle "k"]
[BlackTitle "I++"]
[WhiteElo "1900"]
[BlackElo "1735"]

1. e4 c5 2. Nf3 Nc6 3. c4 g6 4. d4 cxd4 5. Nxd4 Bg7 6. Be3 Nf6 7. Nc3 Ng4 8. Qxg4
Nxd4 9. Qd1 Ne6 10. Rc1 O-O 11. Be2 d6 12. O-O b6 13. f3 Bb7 14. Qd2 Qd7 15. b3
Rfd8 16. Rfd1 Nc5 17. b4 Ne6 18. c5 bxc5 19. bxc5 Qe8 20. Nd5 dxc5 21. Bxc5 Nxc5
22. Rxc5 e6 23. Bb5 Qf8 24. Rc7 Bxd5 25. exd5 Rxd5 1/2-1/2

[Event "Druzynowe Mistrzostwa Polski - II liga"]
[Site "Dom Wczasowy VIS Jastrzebia Gora"]
[Date "1899-12-30"]
[Round "7.120"]
[White "Gierulski, Kamil"]
[Black "Cichy, Kamil"]
[Result "1-0"]
[WhiteTitle "k++"]
[BlackTitle "k+"]
[WhiteElo "2247"]
[BlackElo "2195"]

1. d4 Nf6 2. Nf3 e6 3. g3 d5 4. Bg2 Be7 5. O-O O-O 6. c4 c6 7. Qc2 b6 8. Nbd2 Bb7
9. b3 Nbd7 10. Bb2 Rc8 11. e4 dxe4 12. Nxe4 c5 13. Nxf6+ Nxf6 14. Rad1 Bxf3 15.
Bxf3 cxd4 16. Bxd4 Qc7 17. Qb2 Rcd8 18. Kg2 Ne8 19. Be5 Bd6 20. Bc3 Qe7 21. Rd2
Nf6 22. Rfd1 Bc7 23. b4 Rxd2 24. Qxd2 Rd8 25. Qe3 Rxd1 26. Bxd1 Bd6 27. a3 Qb7+
28. Bf3 Qe7 29. Bc6 h6 30. Qd3 Qc7 31. Bf3 Be7 32. h4 Ne8 33. Be2 Bf6 34. Bd2
Nd6 35. Bf4 e5 36. Be3 Qc6+ 37. f3 Be7 38. c5 bxc5 39. Bxc5 Bf8 40. Bxa7 g6 41.
Be3 Nf5 42. Bf2 Qc1 43. Bd1 Qb2 44. h5 Kh7 45. Qb3 Qxb3 46. Bxb3 gxh5 47. Bxf7
Nd4 48. Bc4 Kg7 49. Be3 Nc2 50. Bc1 Kf6 51. Kf2 Bd6 52. Bd3 Nd4 53. Bxh6 Ke6 54.
Be4 Be7 55. Bd2 h4 56. gxh4 Bxh4+ 57. Ke3 Nb3 58. Bc3 Kd6 59. Kd3 Nc1+ 60. Kc4
Ne2 61. Bd2 Bf2 62. a4 Nd4 63. a5 Ne6 64. b5 Bg1 65. b6 Bd4 66. Bb4+ Kd7 67. Bf5
1-0

[Event "Druzynowe Mistrzostwa Polski - II liga"]
[Site "Dom Wczasowy VIS Jastrzebia Gora"]
[Date "1899-12-30"]
[Round "7.121"]
[White "Miszczak, Dariusz"]
[Black "Babiarz, Arkadiusz"]
[Result "0-1"]
[WhiteTitle "I+"]
[BlackTitle "I++"]
[WhiteElo "1998"]
[BlackElo "1938"]

1. e4 c5 2. Nf3 e6 3. d4 cxd4 4. Nxd4 a6 5. c4 Qc7 6. a3 Nf6 7. Nc3 Be7 8. Be2
O-O 9. Be3 d6 10. O-O Nbd7 11. Rc1 b6 12. b4 Bb7 13. f3 Rac8 14. Qb3 Rfe8 15.
Rfd1 Qb8 16. Bf2 Bd8 17. Nc2 Bc7 18. g3 Qa8 19. Ne3 Ne5 20. Kg2 Nfd7 21. g4 Kh8
22. Bg3 g6 23. g5 f5 24. gxf6 Nxf6 25. Bxe5 dxe5 26. Kh3 Rf8 27. Rd3 Rf7 28. Rf1
Rcf8 29. Qd1 Nh5 30. Ng2 Qe8 31. Qd2 Qe7 32. Rd1 Bc8 33. Qh6 Bd8 34. Qd2 Bc7 35.
Qh6 Rf6 36. Qe3 Rg8 37. Rg1 g5 38. Nd1 Rh6 39. Kg4 Nf4 40. Kg3 Rh3+ 41. Kf2 Nxd3+
42. Qxd3 g4 43. Nge3 Qh4+ 44. Kf1 gxf3 0-1

[Event "Druzynowe Mistrzostwa Polski - II liga"]
[Site "Dom Wczasowy VIS Jastrzebia Gora"]
[Date "1899-12-30"]
[Round "7.123"]
[White "Malik, Maciej"]
[Black "Wasik, Roman"]
[Result "1-0"]
[WhiteTitle "I++"]
[BlackTitle "I"]
[WhiteElo "1961"]
[BlackElo "1387"]

1. d4 Nf6 2. Nf3 g6 3. c4 d6 4. Nc3 Bg7 5. Bg5 O-O 6. e3 h6 7. Bh4 c5 8. d5 Bf5
9. Nd2 Qa5 10. Be2 g5 11. Bg3 Ne4 12. Ncxe4 Bxe4 13. O-O Bg6 14. Nb3 Qb4 15. Bd3
Bxd3 16. Qxd3 Bxb2 17. Rab1 Qc3 18. Qd2 Qxd2 19. Nxd2 Bf6 20. Rxb7 Na6 21. Rfb1
Rfb8 22. Ne4 Kg7 23. Rxb8 Rxb8 24. Rxb8 Nxb8 25. Nxc5 h5 26. h3 Kg6 27. Kf1 Kf5
28. e4+ Kg6 29. Ke2 Bd4 30. Nb3 Bb6 31. c5 Bc7 32. Nd4 a6 33. Nf5 Kf6 34. cxd6
exd6 35. Nxd6 Kg6 36. Nc4 Bxg3 37. fxg3 Nd7 38. Ke3 f6 39. Kd4 Kf7 40. e5 Ke7
41. e6 Nf8 42. Ne3 Nxe6+ 43. dxe6 Kxe6 44. Ke4 a5 45. a4 g4 46. h4 Kd6 47. Nc4+
Kc5 48. Nxa5 Kb4 49. Nc6+ Kxa4 50. Kf5 Kb3 51. Kxf6 Kc3 52. Kg5 1-0

[Event "Druzynowe Mistrzostwa Polski - II liga"]
[Site "Dom Wczasowy VIS Jastrzebia Gora"]
[Date "1899-12-30"]
[Round "7.124"]
[White "Wozniak, Grzegorz"]
[Black "Kotula, Pawel"]
[Result "1-0"]
[WhiteTitle "I"]
[BlackTitle "I"]
[WhiteElo "1579"]
[BlackElo "1740"]

1. d4 Nf6 2. Nf3 e6 3. e3 b6 4. Bd3 Bb7 5. Nbd2 d5 6. O-O c5 7. c3 Nbd7 8. Qe2
Ne4 9. Ne5 Bd6 10. Nxd7 Qxd7 11. Nxe4 dxe4 12. Bb5 Bc6 13. Bxc6 Qxc6 14. f3 O-O
15. fxe4 Qxe4 16. Qf3 Qxf3 17. Rxf3 e5 18. Bd2 e4 19. Rf2 Rac8 20. Raf1 f6 21.
g4 Rc7 22. Kg2 Rcf7 23. h4 h5 24. gxh5 f5 25. Kh3 Kh7 26. Rg1 c4 27. Rg6 Rf6 28.
Rfg2 R8f7 29. Be1 f4 30. exf4 Bxf4 31. Bg3 Bh6 32. Rxf6 gxf6 33. Re2 f5 34. Be5
Bc1 35. Kg3 Rf8 36. Bf4 Rg8+ 37. Bg5 Rg7 38. d5 f4+ 39. Kf2 e3+ 40. Kf3 Rd7 41.
Bxf4 Rxd5 42. Bxe3 Rd3 43. Kf2 Bxe3+ 44. Rxe3 Rd2+ 45. Re2 Rd7 46. Ke1 Kh6 47.
Re4 b5 48. Re5 a6 49. Ke2 Rd6 50. Rg5 Rd7 51. Rg6+ Kxh5 52. Rxa6 Kxh4 53. Rb6
Rd5 54. Ke3 Kg4 55. Ke4 Rg5 56. Rd6 Rg8 57. Rd5 Rb8 58. Kd4 Kf3 59. Kc5 Ke4 60.
Rh5 Kd3 61. Kb4 Ra8 62. a3 Kc2 63. Rh2+ Kd3 64. Kxb5 Rb8+ 65. Ka6 Ra8+ 66. Kb7
Ra5 67. Rh6 Kc2 68. Rb6 Ra4 69. Kc6 Ra8 70. Rb4 Rh8 71. Kb5 Kd3 72. a4 Ke4 73.
Rxc4+ Kd5 74. Rd4+ 1-0

[Event "Druzynowe Mistrzostwa Polski - II liga"]
[Site "Dom Wczasowy VIS Jastrzebia Gora"]
[Date "1899-12-30"]
[Round "7.125"]
[White "Buchta, Agnieszka"]
[Black "Tokarz, Izabela"]
[Result "0-1"]
[WhiteTitle "k"]
[BlackTitle "I++"]
[WhiteElo "1893"]
[BlackElo "1821"]

1. e4 c5 2. Ne2 Nc6 3. d4 cxd4 4. Nxd4 g6 5. Be2 Bg7 6. Nb3 Nf6 7. Nc3 O-O 8. O-O
a6 9. Re1 d6 10. Bg5 b5 11. Bf1 Rb8 12. a4 b4 13. Nd5 Nd7 14. Qc1 Re8 15. Rd1
Bb7 16. Rd3 Nde5 17. Rh3 Bc8 18. Rh4 f6 19. Bh6 Bh8 20. a5 Nf7 21. f4 Nxh6 22.
Rxh6 Bg7 23. Rh4 e6 24. Nb6 f5 25. Rh3 fxe4 26. Nxc8 Qxc8 27. Rb1 Nxa5 28. Nxa5
Qc5+ 29. Kh1 Qxa5 30. Ra1 Qc5 31. Bxa6 Ra8 32. c3 Qb6 33. Qf1 Ra7 34. cxb4 Bxb2
35. Ra4 Rc7 36. Ra1 Bxa1 37. Qxa1 Ra8 38. Ra3 Rxa6 39. Rxa6 Qxa6 40. Qxa6 Rc1+
0-1

[Event "Druzynowe Mistrzostwa Polski - II liga"]
[Site "Dom Wczasowy VIS Jastrzebia Gora"]
[Date "1899-12-30"]
[Round "7.126"]
[White "Madej, Jaroslaw"]
[Black "Dzhuguryan, Tygran"]
[Result "1/2-1/2"]
[WhiteTitle "I+"]
[BlackTitle "k+"]
[WhiteElo "2029"]
[BlackElo "2177"]

1. d4 Nf6 2. Nf3 d5 3. Bf4 c6 4. e3 Bf5 5. c4 e6 6. Nc3 Nbd7 7. Qb3 Qb6 8. c5 Qxb3
9. axb3 a6 10. b4 Rc8 11. h3 h6 12. Nd2 Ne4 13. Nb3 f6 14. Na5 e5 15. Bh2 Rc7
16. f3 Nxc3 17. bxc3 Kf7 18. Kd2 g5 19. Bd3 Bxd3 20. Kxd3 Bg7 21. g4 h5 22. Bg3
Nf8 23. gxh5 Rxh5 24. h4 gxh4 25. Rxh4 Rxh4 26. Bxh4 exd4 27. Bg3 Rd7 28. cxd4
f5 29. Bd6 Ne6 30. f4 Bf6 31. Rh1 Kg6 32. Rg1+ Kh7 33. Rh1+ Kg6 34. Rg1+ Kh7 35.
Kc3 Bd8 36. Rh1+ Kg6 37. Rg1+ Kf7 38. Nb3 Ng7 39. Nd2 Ne8 40. Be5 Nf6 41. Bxf6
Bxf6 42. Nf3 Ke6 43. Kd3 Rh7 44. Ng5+ Bxg5 45. Rxg5 Rf7 46. Kc3 Kd7 47. Rh5 Kc7
48. Rg5 b6 49. Rh5 Kb7 50. Kb3 a5 51. cxb6 axb4 52. Kxb4 Kxb6 53. Rg5 Re7 54.
Rg3 Rh7 55. Rg8 Rh1 56. Rb8+ Kc7 57. Re8 Kd6 58. Re5 Rh3 59. Kc3 Rh5 60. Kd3 Kd7
61. Kc3 Kd6 62. Kb4 Rh3 63. Kb5 Rh8+ 64. Kb4 Rh3 65. Kc5+ Kd7 66. Kb4 Rh4 67.
Kc3 Kd6 68. Kb4 Rh3 69. Ka5 Kd7 70. Kb6 Kd6 71. Re8 Rh5 72. Rf8 Ke7 73. Rc8 Rh3
74. Rxc6 Rxe3 75. Rc8 Kd8 1/2-1/2

[Event "Druzynowe Mistrzostwa Polski - II liga"]
[Site "Dom Wczasowy VIS Jastrzebia Gora"]
[Date "1899-12-30"]
[Round "7.127"]
[White "Korbal, Arkadiusz"]
[Black "Gawronski, Lukasz"]
[Result "1-0"]
[WhiteTitle "k++"]
[BlackTitle "I"]
[WhiteElo "2034"]
[BlackElo "1812"]

1. d4 f5 2. Nf3 Nf6 3. g3 b6 4. Bg2 Bb7 5. O-O e6 6. c4 Be7 7. d5 Qc8 8. Nc3 Na6
9. Nd4 c5 10. Ndb5 e5 11. e4 fxe4 12. Bg5 O-O 13. Bxf6 Bxf6 14. Nxe4 Qd8 15. Ned6
Bc8 16. Be4 Nc7 17. Nxc7 Qxc7 18. Nb5 Qb8 19. d6 Bb7 20. Bd5+ Kh8 21. Nc7 e4 22.
Qe2 Bxd5 23. cxd5 Qb7 24. Nxa8 Qxd5 25. Nc7 Qxd6 26. Nb5 Qc6 27. Nxa7 Qa4 28.
Nb5 d5 29. Nc3 Qc6 30. Rad1 Bd4 31. Nb5 Bf6 32. Rfe1 d4 33. a4 Re8 34. Qc4 e3
35. fxe3 dxe3 36. Qd5 Qxd5 37. Rxd5 Bxb2 38. Rxe3 Rf8 39. Re2 Bf6 40. Kg2 h6 41.
Nd6 Ra8 42. Re8+ Rxe8 43. Nxe8 Bb2 44. Nd6 1-0

[Event "Druzynowe Mistrzostwa Polski - II liga"]
[Site "Dom Wczasowy VIS Jastrzebia Gora"]
[Date "1899-12-30"]
[Round "7.128"]
[White "Brylski, Pawel"]
[Black "Jaworski, Maciej"]
[Result "1-0"]
[WhiteTitle "I+"]
[BlackTitle "k+"]
[WhiteElo "1971"]
[BlackElo "2086"]

1. e4 c5 2. a3 g6 3. Nc3 Bg7 4. Bc4 e6 5. f4 Nc6 6. Nf3 Nge7 7. d3 d5 8. Ba2 O-O
9. O-O a6 10. Kh1 b5 11. Qe1 Nd4 12. Bb1 Nxf3 13. Rxf3 Nc6 14. e5 h5 15. Ne2 Bb7
16. c3 d4 17. Rh3 Ne7 18. cxd4 cxd4 19. Ng3 Nf5 20. Ne4 Bd5 21. Bc2 f6 22. exf6
Bxf6 23. Bd1 Rc8 24. Bd2 Bg7 25. Ba5 Qd7 26. Bb4 Rfe8 27. Bf3 e5 28. Rc1 exf4
29. Rxc8 Rxc8 30. Nc5 Qc6 31. Bxd5+ Qxd5 32. Ne4 Ne3 33. Bd2 Rf8 34. Bb4 Rc8 35.
Bd2 Qe6 36. Rf3 Qg4 37. Qf2 Rf8 38. h3 Qf5 39. Qh4 Be5 40. Bb4 Rc8 41. Bc5 Qe6
42. Qg5 Re8 43. Rxf4 Bxf4 44. Qxf4 Qe5 45. Qxe5 Rxe5 46. Bxd4 Nc4 47. Nf6+ Kf7
48. dxc4 Re1+ 49. Kh2 bxc4 50. Bc3 Ke6 51. Bxe1 1-0

[Event "Druzynowe Mistrzostwa Polski - II liga"]
[Site "Dom Wczasowy VIS Jastrzebia Gora"]
[Date "1899-12-30"]
[Round "7.129"]
[White "Matul, Sebastian"]
[Black "Mika, Tomasz"]
[Result "1-0"]
[WhiteTitle "I"]
[BlackTitle "I"]
[WhiteElo "1773"]
[BlackElo "1991"]

1. Nf3 d5 2. c4 e6 3. g3 c6 4. Qc2 Nf6 5. Bg2 Nbd7 6. d4 Be7 7. O-O O-O 8. Rd1
Re8 9. b3 Ne4 10. Bb2 Ndf6 11. Nc3 Nxc3 12. Bxc3 Ne4 13. Bb2 Bf8 14. Ne5 f6 15.
Nd3 Nd6 16. Rac1 a5 17. c5 Nf7 18. e4 dxe4 19. Bxe4 Qc7 20. f4 Kh8 21. Re1 a4
22. b4 Bd7 23. Bc3 a3 24. Rb1 Nh6 25. Nc1 Nf5 26. Nb3 Rad8 27. Rbd1 Ra8 28. Na5
Ne7 29. Nc4 Nd5 30. Bd2 b5 31. Ne3 g6 32. Qd3 Bg7 33. Bxd5 exd5 34. Re2 Re4 35.
Rde1 Rae8 36. Nd1 Bf5 37. Rxe4 Rxe4 38. Rxe4 Bxe4 39. Qxa3 h5 40. Nf2 Bf5 41.
Be3 Kh7 42. Kf1 Qd7 43. Ke2 Qe6 44. Qa7 Bc2 45. Kd2 Ba4 46. Qc7 Qf5 47. Nd3 Qh3
48. Qxc6 Qxh2+ 49. Nf2 g5 50. fxg5 h4 51. gxh4 Qg2 52. Qd7 fxg5 53. hxg5 Kg6 54.
Qe6+ Kh5 55. Qf7+ 1-0

[Event "Druzynowe Mistrzostwa Polski - II liga"]
[Site "Dom Wczasowy VIS Jastrzebia Gora"]
[Date "1899-12-30"]
[Round "7.130"]
[White "Jajte-pachota, Jerzy"]
[Black "Derejczyk, Mateusz"]
[Result "1/2-1/2"]
[WhiteTitle "II"]
[BlackTitle "II+"]
[WhiteElo "1817"]
[BlackElo "1597"]

1. e4 c6 2. d4 d5 3. exd5 cxd5 4. Bd3 Nc6 5. c3 g6 6. Ne2 Nh6 7. Ng3 Bg7 8. Bg5
O-O 9. O-O f6 10. Bd2 Nf7 11. Bc2 e5 12. dxe5 fxe5 13. Bb3 Na5 14. Bc2 b6 15.
Na3 Bb7 16. Qe2 Nc6 17. Rad1 Qf6 18. f4 Rad8 19. fxe5 Qxe5 20. Qxe5 Nfxe5 21.
Bg5 Rd7 22. Rxf8+ Bxf8 23. Nb5 Nc4 24. Bc1 Bc5+ 25. Nd4 Re7 26. Kf2 Rf7+ 27. Kg1
Nxd4 28. cxd4 Bd6 29. Nf1 Bc8 30. Ne3 Nxe3 31. Bxe3 Bf5 32. Bxf5 Rxf5 33. g3 Rf7
34. Rc1 Rc7 35. Rxc7 Bxc7 36. Kf2 Kf7 37. Kf3 Kf6 38. Bf4 Bd8 39. h3 Ke6 40. Be5
Bg5 41. g4 Bc1 42. b3 b5 43. Bg7 g5 44. Be5 Bd2 1/2-1/2

[Event "Druzynowe Mistrzostwa Polski - II liga"]
[Site "Dom Wczasowy VIS Jastrzebia Gora"]
[Date "1899-12-30"]
[Round "7.131"]
[White "Zalucka, Emilia"]
[Black "Barczyk-telejko, Joanna"]
[Result "1/2-1/2"]
[WhiteTitle "I++"]
[BlackTitle "I+"]
[WhiteElo "1541"]
[BlackElo "1829"]

1. e4 c5 2. Nf3 e6 3. d4 cxd4 4. Nxd4 a6 5. Be2 Nf6 6. Nc3 Qc7 7. O-O Bb4 8. Qd3
Nc6 9. Nxc6 dxc6 10. Bg5 Be7 11. Qe3 b5 12. a3 h6 13. Bxf6 Bxf6 1/2-1/2

[Event "Druzynowe Mistrzostwa Polski - II liga"]
[Site "Dom Wczasowy VIS Jastrzebia Gora"]
[Date "1899-12-30"]
[Round "7.132"]
[White "Stanisz, Patryk"]
[Black "Jakubowski, Jaroslaw"]
[Result "1/2-1/2"]
[WhiteTitle "CM"]
[BlackTitle "k"]
[WhiteElo "2199"]
[BlackElo "2103"]

1. d4 Nf6 2. c4 c5 3. d5 e6 4. Nc3 exd5 5. cxd5 d6 6. e4 g6 7. Nge2 Bg7 8. Ng3
O-O 9. Be2 b6 10. O-O Ba6 11. a4 Bxe2 12. Qxe2 Nbd7 13. Ra3 Ne8 14. f4 a6 15.
e5 dxe5 16. f5 Ndf6 17. Nge4 Qd7 18. g4 Nxe4 19. Nxe4 f6 20. d6 Rf7 21. a5 Qc6
22. Qf3 Rc8 23. axb6 Qxb6 24. Rd1 c4+ 25. Qe3 Qc6 26. Ra5 Rd7 27. Rc5 Qb7 28.
Qe2 Kh8 29. Rxc4 Rcd8 30. Qc2 Qb5 31. Rc3 Bf8 32. fxg6 hxg6 33. Rh3+ Rh7 34. Rxh7+
Kxh7 35. g5 f5 36. Nf6+ Nxf6 37. gxf6 Qb6+ 38. Kg2 Rxd6 39. Rxd6 Qxd6 40. Bg5
Qd7 1/2-1/2

[Event "Druzynowe Mistrzostwa Polski - II liga"]
[Site "Dom Wczasowy VIS Jastrzebia Gora"]
[Date "1899-12-30"]
[Round "7.134"]
[White "Zawierucha, Aleksander"]
[Black "Olszewski, Marek"]
[Result "1/2-1/2"]
[WhiteTitle "k"]
[BlackTitle "k+"]
[WhiteElo "1946"]
[BlackElo "1980"]

1. d4 Nf6 2. c4 d6 3. Nf3 Nbd7 4. Nc3 e5 5. e4 c6 6. Be2 Be7 7. Qc2 a6 8. a4 a5
9. O-O O-O 10. h3 Re8 11. Be3 Bf8 12. Rfd1 Qc7 13. Nd2 g6 14. Nf1 Bg7 15. f4 b6
16. d5 c5 17. Ng3 exf4 18. Bxf4 Ne5 19. Qd2 h5 20. Rf1 Nh7 21. Rf2 Qe7 22. Raf1
Rf8 23. Re1 Bf6 24. Nf1 Bg5 25. b3 Bxf4 26. Qxf4 Bd7 27. Nh2 Qg5 28. Qxg5 Nxg5
29. h4 Nh7 30. Nf1 Kg7 31. Ne3 Rae8 32. Ref1 Re7 33. Kh2 f6 34. Kg3 Nf7 35. Bd3
Ne5 36. Be2 Ref7 37. Ncd1 Kh6 38. Nc3 Kg7 39. Ncd1 Re8 40. Nc3 Rd8 41. Kh2 Rdf8
42. Kg3 Kh6 43. Ncd1 Kg7 1/2-1/2

[Event "Druzynowe Mistrzostwa Polski - II liga"]
[Site "Dom Wczasowy VIS Jastrzebia Gora"]
[Date "1899-12-30"]
[Round "7.135"]
[White "Wisniewski, Jaroslaw"]
[Black "Boruta, Dawid"]
[Result "0-1"]
[WhiteTitle "I"]
[BlackTitle "I"]
[WhiteElo "1829"]
[BlackElo "1912"]

1. b3 e5 2. Bb2 Nc6 3. e3 d5 4. Bb5 Ne7 5. Bxe5 a6 6. Bxc6+ Nxc6 7. Bb2 Qg5 8.
Qf3 Bg4 9. Qg3 Bd6 10. f4 Qf5 11. d3 O-O-O 12. h3 Bh5 13. Qg5 Qxg5 14. fxg5 Bg3+
15. Kd2 d4 16. e4 Bf4+ 17. Ke1 Bxg5 18. Nf3 Bf4 19. g4 Bg6 20. Ba3 h5 21. g5 h4
22. Nbd2 f6 23. Rg1 f5 24. Kf1 Rde8 25. Re1 Be3 26. Rg2 fxe4 27. dxe4 Bxe4 28.
Nxe4 Rxe4 29. Rge2 Ne5 30. Nd2 Rf4+ 31. Kg2 Rh5 32. Rxe3 Rxg5+ 33. Kh1 dxe3 34.
Rxe3 Rf2 35. Bb4 Rgf5 36. Bc3 Nf3 37. Nxf3 R5xf3 0-1

[Event "Druzynowe Mistrzostwa Polski - II liga"]
[Site "Dom Wczasowy VIS Jastrzebia Gora"]
[Date "1899-12-30"]
[Round "7.136"]
[White "Ociepka, Tomasz"]
[Black "Szybowicz, Piotr"]
[Result "1/2-1/2"]
[WhiteTitle "I+"]
[BlackTitle "I++"]
[WhiteElo "1830"]
[BlackElo "1904"]

1. e4 e6 2. d4 d5 3. Nd2 b6 4. exd5 exd5 5. Ngf3 Nf6 6. Bd3 Bg4 7. Nf1 Bd6 8. Bg5
O-O 9. Ne3 Re8 10. O-O Be6 11. Ne5 c5 12. c3 Be7 13. Nf5 Bxf5 14. Bxf5 g6 15.
Bd3 Ne4 16. Be3 f6 17. Ng4 Nc6 18. Bxe4 dxe4 19. Qb3+ Kh8 20. Nh6 Na5 21. Nf7+
Kg8 22. Qe6 Qc8 23. Nh6+ Kh8 24. Qxe4 Bf8 25. Qh4 Qe6 26. d5 Qxd5 27. Ng4 Qf7
28. Nxf6 Re6 29. Nd5 Rd6 30. Nf4 Nc4 31. Rad1 Nxb2 32. Rxd6 Bxd6 1/2-1/2

[Event "Druzynowe Mistrzostwa Polski - II liga"]
[Site "Dom Wczasowy VIS Jastrzebia Gora"]
[Date "1899-12-30"]
[Round "7.137"]
[White "Roclawska, Julia"]
[Black "Gonsior, Monika"]
[Result "0-1"]
[WhiteTitle "II"]
[BlackTitle "m"]
[WhiteElo "1243"]
[BlackElo "1941"]

1. e4 e6 2. d4 b6 3. Nc3 Bb7 4. Nf3 d6 5. Bf4 Nd7 6. Bd3 h6 7. Qe2 g5 8. Bg3 Bg7
9. h3 Ne7 10. O-O Ng6 11. Rad1 Qe7 12. Nb5 Ndf8 13. c4 a6 14. Nc3 h5 15. Qe3 Bh6
16. Qe2 Bg7 17. Qe3 f6 18. Bc2 O-O-O 19. b4 Bh6 20. Qe2 Nd7 21. a4 g4 22. hxg4
hxg4 23. Nh2 Nf4 24. Qxg4 f5 25. Qf3 Ng6 26. d5 f4 27. Ng4 Nge5 28. Qe2 fxg3 29.
fxg3 Nxg4 30. Qxg4 Be3+ 31. Rf2 Rdf8 32. Rd2 Rxf2 33. Rxf2 Bxf2+ 34. Kxf2 Qf6+
35. Qf3 Qxf3+ 36. gxf3 Rh2+ 37. Ke3 Rxc2 38. Kd3 Rg2 39. dxe6 Rxg3 40. Ke3 Ne5
41. Nd5 Rxf3+ 42. Ke2 Bxd5 43. cxd5 Rc3 44. e7 Kd7 45. b5 axb5 46. axb5 Kxe7 47.
Kd2 Ra3 48. Kc2 Ra4 49. Kb3 Rc4 50. Kb2 Rc5 51. Ka2 Rxb5 52. Ka3 0-1